[Event "109th YMCA Summer A"]
[Site "Warszawa"]
[Date "2012.08.21"]
[Round "7"]
[White "Kadzinski, Wieslaw"]
[Black "Rozowski, Marcin"]
[Result "1/2-1/2"]
[WhiteElo "1965"]
[BlackElo "1926"]
[Annotator "Admin"]
[PlyCount "23"]
[EventDate "2012.07.11"]
[EventType "tourn"]
[EventRounds "1"]
[EventCountry "POL"]
[SourceDate "2012.07.11"]

1. e4 c5 2. Nf3 Nc6 3. d4 cxd4 4. Nxd4 Nf6 5. Nc3 e5 6. Ndb5 d6 7. Bg5 a6 8.
Na3 b5 9. Nd5 Be7 10. f3 Qa5+ 11. Bd2 Qd8 12. Bd3 $11 1/2-1/2

[Event "109th YMCA Summer A"]
[Site "Warszawa"]
[Date "2012.08.24"]
[Round "7"]
[White "Grabowicz, Marcin"]
[Black "Szukalski, Antoni"]
[Result "1-0"]
[WhiteElo "1895"]
[BlackElo "1836"]
[PlyCount "47"]
[EventDate "2012.07.11"]
[EventType "tourn"]
[EventRounds "1"]
[EventCountry "POL"]
[SourceDate "2012.07.11"]

1. e4 e6 2. d4 d5 3. Nc3 Bb4 4. e5 c5 5. a3 Bxc3+ 6. bxc3 Ne7 7. Qg4 Ng6 8. h4
h5 9. Qg3 Nc6 10. Bd3 Nce7 11. Nh3 Nf5 12. Bxf5 exf5 13. Nf4 Nxf4 14. Bxf4 g6
15. O-O c4 16. Rfb1 Qe7 17. Bg5 Qc7 18. Rb5 Be6 19. Rab1 b6 20. Qf3 Rb8 21. Bf6
Rg8 22. Rxd5 Bxd5 23. Qxd5 a6 24. e6 1-0

[Event "109th YMCA Summer A"]
[Site "Warszawa"]
[Date "2012.07.24"]
[Round "8"]
[White "Szewczyk, Mariusz"]
[Black "Szukalski, Antoni"]
[Result "1-0"]
[WhiteElo "2055"]
[BlackElo "1836"]
[PlyCount "127"]
[EventDate "2012.07.11"]
[EventType "tourn"]
[EventRounds "1"]
[EventCountry "POL"]
[SourceDate "2012.07.11"]

1. e4 e5 2. Nf3 Nf6 3. Nxe5 d6 4. Nf3 Nxe4 5. Nc3 Nf6 6. d4 Be7 7. Bd3 Bg4 8.
Be3 Nc6 9. Be2 d5 10. Ne5 Bxe2 11. Qxe2 O-O 12. O-O Re8 13. f4 Bf8 14. Rf3 Ne7
15. f5 Nc6 16. Nxc6 bxc6 17. Qa6 Qd7 18. Raf1 Bd6 19. Bf4 Ne4 20. Rh3 Bxf4 21.
Rxf4 Nd2 22. g4 f6 23. Qd3 Nc4 24. b3 Nd6 25. Rg3 Re1+ 26. Rf1 Rae8 27. Rxe1
Rxe1+ 28. Kf2 Re8 29. Re3 Kf7 30. Rxe8 Qxe8 31. Qe3 Qd7 32. Ke2 Qc8 33. Kd1 Qd7
34. Kc1 Qc8 35. h4 h5 36. gxh5 Qxf5 37. h6 gxh6 38. Qxh6 Ne4 39. Kb2 Qf3 40.
Qh7+ Ke6 41. Qg8+ Kf5 42. Qc8+ Kg6 43. Qe8+ Kf5 44. Na4 Qf2 45. Qxc6 Qxd4+ 46.
Ka3 Nd2 47. c3 Qe5 48. h5 Qd6+ 49. Qxd6 cxd6 50. Nb2 Kg5 51. Nd3 Ne4 52. Kb4 f5
53. c4 d4 54. Kb5 Nc5 55. Ne1 d3 56. b4 Kg4 57. bxc5 d2 58. Nd3 dxc5 59. h6 Kg5
60. Nf2 Kxh6 61. Kxc5 Kg5 62. Kd4 Kf4 63. Nd1 Kf3 64. c5 1-0

[Event "109th YMCA Summer A"]
[Site "Warszawa"]
[Date "2012.08.29"]
[Round "8"]
[White "Rozowski, Marcin"]
[Black "Grabowicz, Marcin"]
[Result "1/2-1/2"]
[WhiteElo "1926"]
[BlackElo "1895"]
[PlyCount "38"]
[EventDate "2012.07.11"]
[EventType "tourn"]
[EventRounds "1"]
[EventCountry "POL"]
[SourceDate "2012.07.11"]

1. e4 d5 2. exd5 Qxd5 3. Nc3 Qa5 4. d4 Nf6 5. Nf3 Bf5 6. Bc4 e6 7. Bd2 c6 8.
Nd5 Qd8 9. Nxf6+ gxf6 10. O-O Bg4 11. Re1 Rg8 12. Bc3 Be7 13. Qd3 Bf5 14. Qe2
Qd6 15. Nh4 Bg4 16. Qe3 f5 17. Nf3 f4 18. Qe4 Bf5 19. Qe5 Nd7 1/2-1/2

[Event "109th YMCA Summer A"]
[Site "Warszawa"]
[Date "2012.07.12"]
[Round "8"]
[White "Bielecki, Pawel"]
[Black "Sujkowski, Pawel"]
[Result "0-1"]
[WhiteElo "2002"]
[BlackElo "1970"]
[PlyCount "80"]
[EventDate "2012.07.11"]
[EventType "tourn"]
[EventRounds "1"]
[EventCountry "POL"]
[SourceDate "2012.07.11"]

1. e4 e6 2. d4 d5 3. Nc3 Nf6 4. Bg5 Be7 5. e5 Nfd7 6. h4 a6 7. Qg4 f6 8. exf6
Nxf6 9. Bxf6 Bxf6 10. Bd3 e5 11. Qh5+ g6 12. Bxg6+ hxg6 13. Qxg6+ Kf8 14. Nxd5
Qxd5 15. Qxf6+ Kg8 16. Qg6+ Kf8 17. Qf6+ Kg8 18. Qg6+ Kf8 19. Nf3 Nc6 20. dxe5
Qf7 21. Qxf7+ Kxf7 22. Ng5+ Kg6 23. f4 Nd4 24. Kf2 Bf5 25. c3 Ne6 26. Kf3 Rad8
27. Rad1 Rxd1 28. Rxd1 Rxh4 29. g3 Nxg5+ 30. fxg5 Rc4 31. Rd4 Rxd4 32. cxd4
Kxg5 33. d5 c6 34. dxc6 bxc6 35. Ke3 c5 36. a3 a5 37. Kd2 Be6 38. Kc3 a4 39. b4
axb3 40. a4 Kf5 0-1

[Event "109th YMCA Summer A"]
[Site "Warszawa"]
[Date "2012.08.24"]
[Round "8"]
[White "Wroblewski, Szymon"]
[Black "Pawlowski, Michal"]
[Result "0-1"]
[WhiteElo "1919"]
[BlackElo "1868"]
[PlyCount "58"]
[EventDate "2012.07.11"]
[EventType "tourn"]
[EventRounds "1"]
[EventCountry "POL"]
[SourceDate "2012.07.11"]

1. e4 c6 2. d4 d5 3. e5 Bf5 4. Bd3 Bg6 5. Bxg6 hxg6 6. f4 e6 7. Nf3 c5 8. c3
Qb6 9. O-O Nc6 10. Kh1 Nh6 11. dxc5 Bxc5 12. b4 Be7 13. a3 Nf5 14. Qe1 a5 15.
g4 Nh4 16. Be3 Qb5 17. Nd4 Qd3 18. Qe2 Qxe2 19. Nxe2 axb4 20. a4 g5 21. Nd4
gxf4 22. Bxf4 Ng6 23. Nxc6 bxc6 24. Bg3 Bh4 25. Kg2 Bxg3 26. Kxg3 bxc3 27. Nxc3
Nxe5 28. a5 Ra6 29. Rfb1 O-O 0-1

[Event "109th YMCA Summer A"]
[Site "Warszawa"]
[Date "2012.08.29"]
[Round "9"]
[White "Pawlowski, Michal"]
[Black "Szewczyk, Mariusz"]
[Result "1-0"]
[WhiteElo "1868"]
[BlackElo "2055"]
[PlyCount "63"]
[EventDate "2012.07.11"]
[EventType "tourn"]
[EventRounds "1"]
[EventCountry "POL"]
[SourceDate "2012.07.11"]

1. d4 Nf6 2. Nf3 e6 3. c4 b6 4. g3 Bb7 5. Bg2 c5 6. d5 exd5 7. Nh4 Nc6 8. cxd5
Nb4 9. Nc3 d6 10. Qa4+ Qd7 11. Qb3 Be7 12. a3 Na6 13. O-O O-O 14. e4 g6 15. f4
Nc7 16. Bd2 Ng4 17. Nf3 f5 18. e5 c4 19. Qxc4 Ba6 20. Qb3 Bxf1 21. Rxf1 Na6 22.
h3 Nc5 23. Qd1 Nh6 24. Nd4 Rac8 25. Be3 Rfe8 26. Nc6 Bf8 27. Bd4 Bg7 28. Re1
Na6 29. Nb5 dxe5 30. fxe5 Bf8 31. e6 Qb7 32. Ncxa7 1-0

[Event "109th YMCA Summer A"]
[Site "Warszawa"]
[Date "2012.08.29"]
[Round "9"]
[White "Sujkowski, Pawel"]
[Black "Wroblewski, Szymon"]
[Result "1-0"]
[WhiteElo "1970"]
[BlackElo "1919"]
[PlyCount "29"]
[EventDate "2012.07.11"]
[EventType "tourn"]
[EventRounds "1"]
[EventCountry "POL"]
[SourceDate "2012.07.11"]

1. d4 f5 2. c4 Nf6 3. Nc3 g6 4. h4 Bg7 5. h5 Nxh5 6. e4 Nf6 7. e5 Ne4 8. Nf3
Nxc3 9. bxc3 d6 10. Bf4 dxe5 11. Bxe5 Bxe5 12. Nxe5 Nc6 13. Nxg6 Kf7 14. Nxh8+
Qxh8 15. Qh5+ 1-0

[Event "109th YMCA Summer A"]
[Site "Warszawa"]
[Date "2012.08.28"]
[Round "9"]
[White "Grabowicz, Marcin"]
[Black "Koziol, Pawel"]
[Result "1/2-1/2"]
[WhiteElo "1895"]
[BlackElo "1829"]
[Annotator "Admin"]
[PlyCount "48"]
[EventDate "2012.07.11"]
[EventType "tourn"]
[EventRounds "1"]
[EventCountry "POL"]
[SourceDate "2012.07.11"]

1. e4 c6 2. d4 d5 3. e5 Bf5 4. c4 e6 5. Nc3 Nd7 6. f4 dxc4 7. Bxc4 Nb6 8. Bb3
Ne7 9. Nf3 Ned5 10. O-O Be7 11. Qe2 Nxc3 12. bxc3 O-O 13. h3 c5 14. g4 Bg6 15.
Be3 Rc8 16. Rac1 Qd7 17. dxc5 Bd3 18. Qf2 Bxf1 19. cxb6 Ba6 20. Nd4 Ba3 21. Rd1
Qe7 22. f5 Rxc3 23. fxe6 Rxb3 24. Nxb3 fxe6 $11 1/2-1/2

[Event "109th YMCA Summer A"]
[Site "Warszawa"]
[Date "2012.08.22"]
[Round "9"]
[White "Szukalski, Antoni"]
[Black "Rozowski, Marcin"]
[Result "1/2-1/2"]
[WhiteElo "1836"]
[BlackElo "1926"]
[Annotator "Admin"]
[PlyCount "144"]
[EventDate "2012.07.11"]
[EventType "tourn"]
[EventRounds "1"]
[EventCountry "POL"]
[SourceDate "2012.07.11"]

1. d4 d5 2. Nf3 c6 3. e3 Bf5 4. c4 e6 5. Nc3 Nf6 6. Nh4 Bg4 7. Be2 Bxe2 8. Qxe2
Be7 9. O-O O-O 10. Nf3 Nbd7 11. cxd5 exd5 12. e4 dxe4 13. Nxe4 Nxe4 14. Qxe4
Nf6 15. Qc2 Re8 16. Re1 Nd5 17. Bd2 Qb6 18. a3 Bf6 19. Bc3 c5 20. Rxe8+ Rxe8
21. Qa4 Rd8 22. Re1 Rf8 23. Qc4 Nxc3 24. bxc3 cxd4 25. cxd4 Qa5 26. a4 g6 27.
Kf1 Rd8 28. Rb1 b6 29. Rb5 Qa6 30. Rc5 Qxc4+ 31. Rxc4 Kf8 32. Ke2 Ke7 33. Rc7+
Rd7 34. Rxd7+ Kxd7 35. Kd3 Kd6 36. Ne1 Kc6 37. Nc2 Be7 38. Kc4 a6 39. d5+ Kd7
40. f4 Bd6 41. g3 Bc5 42. a5 Bg1 43. axb6 Bxb6 44. h3 Kd6 45. Na3 f5 46. g4 Be3
47. gxf5 gxf5 48. Nc2 Bxf4 49. Nd4 Ke5 50. d6 Ke4 51. d7 Bg5 52. Ne6 Bh4 53.
Nc5+ Ke3 54. Nxa6 f4 55. Nb4 f3 56. Nd5+ Kd2 57. Nc3 Ke3 58. Nd5+ Ke4 59. Nc3+
Kf4 60. Kd3 h5 61. Ne4 Be7 62. Kd4 Bd8 63. Kd3 Bb6 64. Nd2 Kg3 65. Nf1+ Kxh3
66. Ke4 Kg2 67. Ne3+ Kf2 68. Nf5 Ke2 69. Nd4+ Bxd4 70. d8=Q f2 71. Qxd4 f1=Q
72. Qd3+ Ke1 $11 1/2-1/2